| 000 | 00293 a2200109 4500 | ||
|---|---|---|---|
| 001 | 64092 | ||
| 082 | _a629.229322 LAR | ||
| 090 |
_c37866 _d37866 |
||
| 100 | _aLarminie,James | ||
| 245 |
_aElectric Vehicle Technology Explained _hEnglish |
||
| 260 |
_aNew York _bJohn Wiley & Sons,Ltd _c2003 |
||
| 942 |
_aNUST-CAE _k926.229322 LAR |
||
| 999 |
_c299165 _d299165 |
||